| 000 | 00000nam##2200000za#4500 |
| 001 | 9.646728 |
| 003 | CaOODSP |
| 005 | 20200330063427 |
| 007 | ta |
| 008 | 150407|1996||||xxc||||| f|0| 0 eng|d |
| 020 | |a0-662-26164-X |
| 040 | |aCaOODSP|beng |
| 043 | |an-cn--- |
| 086 | 1 |aFs1-61/1-1997E |
| 110 | 1 |aCanada.|bDepartment of Fisheries and Oceans. |bFisheries Resource Conservation Council. |
| 245 | 10|a1997 conservation requirements for Newfoundland groundfish |
| 260 | |aOttawa - Ontario : |bFisheries and Oceans Canada. |c1996. |
| 300 | |a224p. in various pagings. : |bgraphs, tables ; |c28 cm. |
| 563 | |aSoftcover |
| 590 | |a97-39|b1997-09-26 |
| 775 | 08|t1998, Impératifs de conservation des stocks de poisson de fond des bancs de Terre-Neuve, de la plate-forme du Labrador et du détroit de Davis |w(CaOODSP)9.680247 |
| 986 | |aFRCC 96.R.2 |